000 00335cam a22001217a 4500
008 180718b1961 xxu||||| |||| 00| 0 eng d
082 _aD1x42 W392a
100 _aWebster, Charles
245 _aArt and practice of diplomacy
_cby Charles Webster
260 _aLondon
_bChatto & Windus
_c1961
300 _aviii, 245p
650 _aDiplomacy
999 _c424611
_d424611